000
00306nam a22001337a 4500
008
170215b xxu||||| |||| 00| 0 eng d
020
_a
1550091220
041
_a
eng
080
_a
61
100
_a
4
101
_a
SHM
245
_a
ADVANCED THERAPY OF INFLAMMATORY BOWEL DISEASE
_c
BAYLESS
942
_2
udc
_c
BK
999
_c
5573
_d
5573